00461nam a22001577a 4500003001000000005001700010008004100027020001500068040000900083082001400092100002000106245009100126260005300217300002100270651001200291NUST-PNEC20170116180744.0150114b xxu||||| |||| 00| 0 eng d a8175541164 cPNEC a158.1 BUN aBunch, Meribeth aCreating confidence : How to develop your personal power and presence cMeribeth Bunch aNew Delhi :bKogan Page India Pvt. Ltd.,cc1999. a136 p. :c22 cm. xGeneral